| 000 | 01044cam a2200301 a 4500 | ||
|---|---|---|---|
| 999 |
_c75707 _d75707 |
||
| 003 | BJBSDDR | ||
| 005 | 20230410130532.0 | ||
| 007 | ta | ||
| 008 | 030117s2003 ohua b 001 0 eng | ||
| 020 | _a1582972206 | ||
| 020 | _a9781582972206 | ||
| 040 |
_bspa _cDLD |
||
| 041 | _aeng | ||
| 050 | 1 | 4 |
_aPN 147 _bW956 2003 |
| 082 | 0 | 0 | _a808/.02 |
| 245 | 0 | 4 |
_aThe Writer's digest writing clinic : _bexpert help for improving your work / _cedited by Kelly Nickell. |
| 246 | 3 | _aWriting clinic | |
| 260 |
_aCincinnati, Ohio : _bWriter's Digest, _cc2003. |
||
| 300 |
_a247 p. : _bill. ; _c24 cm. |
||
| 500 | _aIncludes bibliographical references (p. 225-233) and index. | ||
| 505 | _aPart 1 The Value of Critiquing -- Part 2 Fiction -- Part 3 Nonfiction -- Part 4 Poetry -- Part 5 Query Letters -- Part 6 Novel Synopses -- Part 7 Nonfiction Proposals. | ||
| 650 | 0 | _aAuthorship. | |
| 650 | 4 |
_aAutorĂa _9925 |
|
| 650 | 4 |
_aArte de escribir. _9926 |
|
| 700 | 1 |
_aNickell, Kelly, _d1976- _914846 _eeditor |
|
| 942 |
_2lcc _cBK |
||
| 946 | _ilmm | ||